Motivácia malopodnikateľského sektora vo svetle empirických prieskumov

Názory malých a stredných podnikateľov na motívy a bariéry ich podnikania. Empirický prieskum Ekonomického ústavu SAV (jún-júl 1995) formou anketového dotazníka a osobného kontaktu. Motivácia k podnikateľskej činnosti. Čo považujú malí a strední podnikatelia za dôležité zabezpečiť pre rozvoj súkromn...

Descrizione completa

Salvato in:
Dettagli Bibliografici
Autore principale: Azudová, Ľubica
Natura: Capitolo di libro
Lingua:slovacco
Soggetti:
Tags: Aggiungi Tag
Nessun Tag, puoi essere il primo ad aggiungerne!!

MARC

LEADER 00000naa a2200000 4500
001 r021641
005 20230921121919.3
041 0 |a slo 
044 |a SK 
245 1 0 |a Motivácia malopodnikateľského sektora vo svetle empirických prieskumov  |c Ľubica Azudová 
520 |a Názory malých a stredných podnikateľov na motívy a bariéry ich podnikania. Empirický prieskum Ekonomického ústavu SAV (jún-júl 1995) formou anketového dotazníka a osobného kontaktu. Motivácia k podnikateľskej činnosti. Čo považujú malí a strední podnikatelia za dôležité zabezpečiť pre rozvoj súkromného podnikania na Slovensku. Očakávania podnikateľov voči štátu. 
610 2 0 |a podnikanie 
610 2 0 |a podnik malý 
610 2 0 |a podnik stredný 
610 2 0 |a transformácia 
610 2 0 |a Slovensko 
610 2 0 |a motivácia 
610 2 0 |a podpora podnikania 
610 2 0 |a prieskum štatistický 
610 2 0 |a ankety 
100 1 |a Azudová, Ľubica